<?xml version="1.0" encoding="UTF-8"?>
<record
    xmlns:xsi="http://www.w3.org/2001/XMLSchema-instance"
    xsi:schemaLocation="http://www.loc.gov/MARC21/slim http://www.loc.gov/standards/marcxml/schema/MARC21slim.xsd"
    xmlns="http://www.loc.gov/MARC21/slim">

  <leader>01834nam a22002537a 4500</leader>
  <controlfield tag="005">20250407142551.0</controlfield>
  <controlfield tag="008">250407b        |||||||| |||| 00| 0 eng d</controlfield>
  <datafield tag="020" ind1=" " ind2=" ">
    <subfield code="a">9789354600777</subfield>
  </datafield>
  <datafield tag="040" ind1=" " ind2=" ">
    <subfield code="c">AIMIT LIBRARY</subfield>
  </datafield>
  <datafield tag="041" ind1=" " ind2=" ">
    <subfield code="a">eng</subfield>
  </datafield>
  <datafield tag="082" ind1=" " ind2=" ">
    <subfield code="a">658.4 </subfield>
    <subfield code="2">9</subfield>
    <subfield code="b">MCSS</subfield>
  </datafield>
  <datafield tag="100" ind1=" " ind2=" ">
    <subfield code="a">Mcshane, Steven L.</subfield>
    <subfield code="9">16992</subfield>
  </datafield>
  <datafield tag="245" ind1=" " ind2=" ">
    <subfield code="a">Organizational behavior /</subfield>
    <subfield code="c">BySteven L Mc Shane, Mary Ann Von Glinow and Himanshu Rai.</subfield>
  </datafield>
  <datafield tag="250" ind1=" " ind2=" ">
    <subfield code="a">9th ed.</subfield>
  </datafield>
  <datafield tag="260" ind1=" " ind2=" ">
    <subfield code="a">New Delhi :</subfield>
    <subfield code="b">Tata McGraw Hill Publishing Company Ltd ,</subfield>
    <subfield code="c">2020.</subfield>
  </datafield>
  <datafield tag="300" ind1=" " ind2=" ">
    <subfield code="a">xxiii, 591p ;</subfield>
    <subfield code="c">27.5cm.</subfield>
    <subfield code="b">PB</subfield>
  </datafield>
  <datafield tag="500" ind1=" " ind2=" ">
    <subfield code="a">This edition of Organizational Behavior reflects the latest trends in the subject area. The title offers comprehensive discussion on all major areas of organizational behavior. This edition has several new topics, sections and cases. Existing chapters are modified with India-specific data, examples and exhibits to provide local context. This book is helpful for all readers and will be especially relevant and insightful for students of business management and other allied courses.
Salient Features:

1. Revised and updated chapters on Personality and Values, Employee Motivation, Communicating in Teams and Organizations, and Conflict and Negotiation

2. Thoroughly researched content, in-text examples, captioned photos and features along with real-world examples

3. New interactive case studies, exhibits, debating boxes and self-assessment tests

4. Includes various new and adapted examples, case studies, exercises etc. to provide Indian context</subfield>
  </datafield>
  <datafield tag="650" ind1=" " ind2=" ">
    <subfield code="a">Inividual behavior and processes</subfield>
    <subfield code="9">16993</subfield>
  </datafield>
  <datafield tag="650" ind1=" " ind2=" ">
    <subfield code="a">Perception and learning in organizations</subfield>
    <subfield code="9">16994</subfield>
  </datafield>
  <datafield tag="650" ind1=" " ind2=" ">
    <subfield code="a">Motivation in the workplace</subfield>
    <subfield code="9">16995</subfield>
  </datafield>
  <datafield tag="700" ind1=" " ind2=" ">
    <subfield code="a">Glinow, Mary Ann Von.</subfield>
    <subfield code="9">16996</subfield>
    <subfield code="e">Author.</subfield>
  </datafield>
  <datafield tag="700" ind1=" " ind2=" ">
    <subfield code="a">Rai, Himanshu.</subfield>
    <subfield code="9">16997</subfield>
    <subfield code="e">Author.</subfield>
  </datafield>
  <datafield tag="942" ind1=" " ind2=" ">
    <subfield code="2">ddc</subfield>
    <subfield code="c">BK</subfield>
    <subfield code="e">9th</subfield>
    <subfield code="k">658.4 MCSS</subfield>
  </datafield>
  <datafield tag="999" ind1=" " ind2=" ">
    <subfield code="c">234105</subfield>
    <subfield code="d">234105</subfield>
  </datafield>
  <datafield tag="952" ind1=" " ind2=" ">
    <subfield code="0">0</subfield>
    <subfield code="1">0</subfield>
    <subfield code="2">ddc</subfield>
    <subfield code="4">0</subfield>
    <subfield code="7">0</subfield>
    <subfield code="8">MBA</subfield>
    <subfield code="a">AIMIT</subfield>
    <subfield code="b">AIMIT</subfield>
    <subfield code="c">OB</subfield>
    <subfield code="d">2025-03-11</subfield>
    <subfield code="e">Biblios Book Point</subfield>
    <subfield code="g">999.00</subfield>
    <subfield code="i">Bill no:7466; Bill dt:2026-03-11</subfield>
    <subfield code="l">0</subfield>
    <subfield code="o">658.4  MCSS</subfield>
    <subfield code="p">MBA14969</subfield>
    <subfield code="r">2026-05-23 00:00:00</subfield>
    <subfield code="v">779.22</subfield>
    <subfield code="w">2025-04-07</subfield>
    <subfield code="y">BK</subfield>
  </datafield>
  <datafield tag="952" ind1=" " ind2=" ">
    <subfield code="0">0</subfield>
    <subfield code="1">0</subfield>
    <subfield code="2">ddc</subfield>
    <subfield code="4">0</subfield>
    <subfield code="7">0</subfield>
    <subfield code="8">MBA</subfield>
    <subfield code="a">AIMIT</subfield>
    <subfield code="b">AIMIT</subfield>
    <subfield code="c">OB</subfield>
    <subfield code="d">2025-03-11</subfield>
    <subfield code="e">Biblios Book Point</subfield>
    <subfield code="g">999.00</subfield>
    <subfield code="i">Bill no:7466; Bill dt:2026-03-11</subfield>
    <subfield code="l">0</subfield>
    <subfield code="o">658.4  MCSS</subfield>
    <subfield code="p">MBA14970</subfield>
    <subfield code="r">2026-05-23 00:00:00</subfield>
    <subfield code="v">779.22</subfield>
    <subfield code="w">2025-04-07</subfield>
    <subfield code="y">BK</subfield>
  </datafield>
</record>
